[Event "Yaroslav the Wise op"]
[Site "Yaroslavl"]
[Date "2018.07.23"]
[Round "4"]
[White "Novikov, Sergey D"]
[Black "Levicheva, Ekaterina"]
[Result "1/2-1/2"]
[WhiteElo "2169"]
[BlackElo "1930"]
[PlyCount "91"]
[EventDate "2018.07.20"]
[EventType "swiss"]
[EventRounds "9"]
[EventCountry "RUS"]
[SourceTitle "CBM 186 Extra"]
[Source "ChessBase"]
[SourceDate "2018.08.24"]
[SourceVersion "1"]
[SourceVersionDate "2018.08.24"]
[SourceQuality "1"]

1. d4 Nf6 2. c4 e6 3. Nf3 Bb4+ 4. Bd2 Bxd2+ 5. Qxd2 b6 6. g3 0-0 7. Bg2 d5 8. 0-0 Bb7 9. cxd5 exd5 10. Nc3 Nbd7 11. Qc2 Rc8 12. Nb5 a6 13. Na7 Ra8 14. Nc6 Bxc6 15. Qxc6 Re8 16. e3 Re6 17. Qc2 Ne4 18. Rac1 Ra7 19. Ne1 Qf8 20. Nd3 g5 21. Bh3 f5 22. f3 Nd6 23. e4 Rh6 24. Nf2 dxe4 25. fxe4 g4 26. Bxg4 fxg4 27. Nxg4 Qg7 28. Nxh6+ Qxh6 29. e5 Qe3+ 30. Qf2 Qxf2+ 31. Rxf2 Ne8 32. Rc6 Ra8 33. Kg2 Rd8 34. e6 Ndf6 35. Rf4 h5 36. h3 Kg7 37. g4 hxg4 38. hxg4 Kg6 39. Rc1 Rd6 40. Re1 Nd5 41. Rfe4 Ndf6 42. Rf4 Nd5 43. Rf2 Ndf6 44. Rf4 Nd5 45. Rf3 Ndf6 46. Ra1 1/2-1/2

[Event "Voronezh op-B 22nd"]
[Site "Voronezh"]
[Date "2018.06.17"]
[Round "6"]
[White "Novikov, Sergey D"]
[Black "Lilov, Aleksandr"]
[Result "1-0"]
[WhiteElo "2180"]
[BlackElo "2046"]
[PlyCount "95"]
[EventDate "2018.06.12"]
[EventType "swiss"]
[EventRounds "9"]
[EventCountry "RUS"]
[SourceTitle "CBM 185 Extra"]
[Source "ChessBase"]
[SourceDate "2018.07.29"]
[SourceVersion "1"]
[SourceVersionDate "2018.07.29"]
[SourceQuality "1"]

1. d4 c5 2. d5 g6 3. c4 Bg7 4. e4 d6 5. Nf3 Bg4 6. Be2 Nf6 7. Nc3 0-0 8. 0-0 Nbd7 9. h3 Bxf3 10. Bxf3 Nb6 11. Be2 e6 12. Qc2 exd5 13. cxd5 Nfd7 14. Bf4 Qe7 15. Rfe1 Rae8 16. Qd2 Ne5 17. Bg5 Bf6 18. Bh6 Bg7 19. Bg5 Bf6 20. Bh6 Bg7 21. Bxg7 Kxg7 22. a4 a6 23. a5 Na8 24. f4 Nd7 25. Bg4 f6 26. Re2 Nc7 27. Rae1 b5 28. axb6 Nxb6 29. Qd3 Qf7 30. Qg3 Nb5 31. Nxb5 axb5 32. Be6 Qe7 33. e5 Nc4 34. b3 Nb6 35. Bg4 fxe5 36. fxe5 Qb7 37. exd6 Rxe2 38. Qc3+ Kh6 39. Rxe2 Qxd5 40. Qe3+ Kg7 41. Qe5+ Qxe5 42. Rxe5 Rd8 43. d7 Kf7 44. Rxc5 Nxd7 45. Rd5 Ke7 46. Rxb5 Kd6 47. Rb7 Ne5 48. Rxh7 1-0

[Event "Voronezh op-B 22nd"]
[Site "Voronezh"]
[Date "2018.06.13"]
[Round "2"]
[White "Grekhov, Luka"]
[Black "Novikov, Sergey D"]
[Result "1/2-1/2"]
[WhiteElo "1955"]
[BlackElo "2180"]
[PlyCount "79"]
[EventDate "2018.06.12"]
[EventType "swiss"]
[EventRounds "9"]
[EventCountry "RUS"]
[SourceTitle "CBM 185 Extra"]
[Source "ChessBase"]
[SourceDate "2018.07.29"]
[SourceVersion "1"]
[SourceVersionDate "2018.07.29"]
[SourceQuality "1"]

1. e4 c5 2. Nf3 d6 3. d4 cxd4 4. Nxd4 Nf6 5. Nc3 g6 6. Be3 Bg7 7. f3 0-0 8. Qd2 Nc6 9. 0-0-0 d5 10. Qe1 e5 11. Nxc6 bxc6 12. exd5 Nxd5 13. Bc4 Bb7 14. Kb1 Nxc3+ 15. Qxc3 Qc7 16. Qb3 Rfe8 17. Bc5 Bf8 18. Bxf8 Rxf8 19. Rd3 Bc8 20. g4 Rb8 21. Qa3 e4 22. fxe4 Bxg4 23. Qd6 Rbc8 24. Re1 Rfe8 25. e5 Be6 26. Bxe6 Rxe6 27. Qd4 Rce8 28. Rde3 Qb6 29. c3 f6 30. Kc2 fxe5 31. Rxe5 Rxe5 32. Rxe5 Rxe5 33. Qxe5 Qf2+ 34. Kb3 Qf7+ 35. Ka3 Qb7 36. Qe6+ Kh8 37. Qf6+ Kg8 38. Qe6+ Kh8 39. Qf6+ Kg8 40. Qe6+ 1/2-1/2

[Event "Voronezh op-B 21st"]
[Site "Voronezh"]
[Date "2017.06.18"]
[Round "7"]
[White "Moiseenko, Andrey"]
[Black "Novikov, Sergey D"]
[Result "1/2-1/2"]
[WhiteElo "2010"]
[BlackElo "2061"]
[PlyCount "57"]
[EventDate "2017.06.12"]
[EventType "swiss"]
[EventRounds "9"]
[EventCountry "RUS"]
[SourceTitle "CBM 179 Extra"]
[Source "ChessBase"]
[SourceDate "2017.08.23"]
[SourceVersion "1"]
[SourceVersionDate "2017.08.23"]
[SourceQuality "1"]

1. e4 c5 2. Nf3 d6 3. d4 cxd4 4. Nxd4 Nf6 5. Nc3 g6 6. Be2 Bg7 7. 0-0 0-0 8. Re1 Nc6 9. Nb3 Be6 10. Bf1 Rc8 11. Bg5 Qc7 12. Nd5 Bxd5 13. exd5 Ne5 14. c3 Rfe8 15. Qd2 Nc4 16. Bxc4 Qxc4 17. Rad1 Ne4 18. Qf4 Nxg5 19. Qxg5 Bf6 20. Qd2 Qa6 21. a3 Qb5 22. Qc2 Qa4 23. Nd4 Qxc2 24. Nxc2 Rc5 25. Ne3 Bg7 26. Nc2 Bf6 27. Ne3 Bg7 28. Nc2 Bf6 29. Ne3 1/2-1/2

[Event "Voronezh op-B 21st"]
[Site "Voronezh"]
[Date "2017.06.14"]
[Round "3"]
[White "Filippov, Vladimir Mikhailovi"]
[Black "Novikov, Sergey D"]
[Result "1/2-1/2"]
[WhiteElo "1882"]
[BlackElo "2061"]
[PlyCount "120"]
[EventDate "2017.06.12"]
[EventType "swiss"]
[EventRounds "9"]
[EventCountry "RUS"]
[SourceTitle "CBM 179 Extra"]
[Source "ChessBase"]
[SourceDate "2017.08.23"]
[SourceVersion "1"]
[SourceVersionDate "2017.08.23"]
[SourceQuality "1"]

1. Nf3 Nf6 2. b3 g6 3. Bb2 Bg7 4. c4 0-0 5. g3 c5 6. Bg2 Nc6 7. 0-0 b6 8. d3 Bb7 9. Nbd2 e6 10. Ne5 d5 11. Nxc6 Bxc6 12. Nf3 Qe7 13. Qc2 Rfd8 14. Rfe1 d4 15. b4 Ne8 16. b5 Bb7 17. a4 Qc7 18. a5 Rab8 19. axb6 axb6 20. Ra7 Nd6 21. Nd2 Ra8 22. Rea1 Rxa7 23. Rxa7 Rb8 24. Bxb7 Rxb7 25. Ra8+ Rb8 26. Qa4 Rxa8 27. Qxa8+ Qc8 28. Qa1 e5 29. Qa7 Qb7 30. Qxb7 Nxb7 31. Bc1 Kf8 32. Nb3 Ke7 33. Kg2 Ke6 34. f3 f5 35. Bg5 h6 36. Bc1 Nd6 37. h3 g5 38. g4 Kf6 39. Ba3 Nb7 40. gxf5 Kxf5 41. Nd2 Nd6 42. Ne4 Nxe4 43. fxe4+ Kg6 44. Bc1 Bf6 45. Bd2 Bd8 46. Kf3 h5 47. Be1 Be7 48. Bg3 Kf6 49. Bf2 Kg6 50. Be1 Bd8 51. Bd2 Be7 52. Be1 Bd8 53. Bf2 Be7 54. e3 dxe3 55. Bxe3 Bd8 56. Bd2 Be7 57. Be1 Bd8 58. Bg3 Kf6 59. Bh2 Be7 60. Bg3 Ke6 1/2-1/2